000 01621nam2a22003011 4500
001 rc\1113458
005 20171108165441.0
035 _a(NLR Aleph) 006357385
090 _a4865561
_c4865561
100 _a20041126d1982 u |0rusy50 ca
101 0 _arus
102 _aRU
105 _aa |||||||||
200 1 _aФизика плазмы
_e[Сб. статей
_fОтв. ред. Г.Н. Кичигин]
210 _aМ.
_cНаука
_d1982
215 _a295 с.
_cил.
_d21
225 0 _aИсследования по геомагнетизму, аэрономии и физике солнца
_fАН СССР. Сиб. отд-ние, Сиб. ин-т зем. магнетизма, ионосферы и распространения радиоволн
_vВып. 61
300 _aНа обл. только загл. сер.
320 _aБиблиогр. в конце статей
461 0 _1001RU\NLR\INFOCOMM22\5000120056
_12001#$aСолнечно-земная физика$eСб. науч. трудов$fРос. акад. наук. Сиб. отд-ние , Ин-т солнеч.-земной физики$vВып. 61
_93048999
_cНовосибирск
_d1966 -
_fРос. акад. наук. Сиб. отд-ние , Ин-т солнеч.-земной физики
_nИзд-во СО РАН
_oсб. науч. трудов
_tСолнечно-земная физика
_vВып. 61
702 1 _aКичигин
_bГ. Н.
_gГеннадий Николаевич
_4340
801 0 _aRU
_bNLR
_gpsbo
801 1 _aRU
_bELAR
_2rusmarc
852 _aNLR
_jП8/935
942 _cISSUE
980 _aNB
980 _aRUSPER